000 00560nam a2200181 i 4500
001 24070
003 ES-MaACL
005 20250730063051.0
007 t|
008 021213s1909 sp ||||1| spa d
100 1 _aAmor y Naveiro, Constante,
_d1862-1935
_921298
245 1 0 _aBibliografía de los estudios penales /
_cConstante Amor y Naveiro.
260 _aMadrid :
_bHijos de Reus,
_c1909.
300 _a567 p. ;
_c22 cm.
650 4 _aDerecho penal-
_vBibliografías.
_9163339
852 _aES-MaACL
_jF-15341
_bR.18308
999 _c24070
_d24070